000 01354cam a22003254a 4500
090 _c0
001 13164305
005 20080425091415.0
008 030416s2003 nyua d 000 0 eng
010 _a2003051208
020 _a0071421777 (pbk.)
035 _a(OCoLC)ocm52092111
040 _aDLC
_cDLC
_dC#P
_dDLC
042 _apcc
050 0 0 _aGE10
_b.M378 2003
082 0 0 _a628
_221
_bDIC
245 0 0 _aDictionary of Environmental Science.
246 3 0 _aDictionary of environmental science
260 _aNew York :
_bMcGraw-Hill,
_cc2003.
300 _axii, 496 p. :
_bill. ;
_c22 cm.
500 _aIncludes index.
650 0 _aEnvironmental sciences
_vDictionaries.
856 4 2 _3Contributor biographical information
_uhttp://www.loc.gov/catdir/bios/mh042/2003051208.html
856 4 1 _3Table of contents
_uhttp://www.loc.gov/catdir/toc/mh031/2003051208.html
856 4 2 _3Publisher description
_uhttp://www.loc.gov/catdir/enhancements/fy0704/2003051208-d.html
942 _2ddc
_cBB
999 _c10381
_d10381